Piers Morgan Filmography - Statistics

General Stats
  • This quiz has been taken 5 times
  • The average score is 5 of 67
Answer Stats
Type Year Name % Correct
TV Show 2007-2010 Britain's Got Talent
100%
TV Show 2011-2014 Piers Morgan Live
75%
TV Show 2022-Present Piers Morgan Uncensored
75%
TV Show 2006-2011, 2014, 2015 America's Got Talent
50%
TV Show 2008-2015 The Apprentice
50%
TV Show 2013 2 Broke Girls
25%
Documentary Series 2025 Clarkson's Farm
25%
Film 2016 Criminal
25%
TV Show 1996 Have I Got News for You
25%
TV Show 2009-2021 Piers Morgan's Life Stories
25%
TV Show 2016 Second Chance
25%
TV Show 2006 8 Out of 10 Cats
0%
TV Show 2017 A League of Their Own
0%
TV Special 2009 Ant & Dec's Christmas Show
0%
TV Show 2008, 2013, 2016 Ant & Dec's Saturday Night Takeaway
0%
TV Show 2007-2011 Britain's Got More Talent
0%
TV Show 2019 Celebrity Chase
0%
TV Show 2016 Celebrity Juice
0%
Documentary Series 2017-2019 Confessions of a Serial Killer with Piers Morgan
0%
TV Special 2019 Cristiano Ronaldo Meets Piers Morgan
0%
TV Documentary 2005 Death of Celebrity
0%
TV Documentary 2002 Diana's Funeral: Five Years On
0%
Film 2015 Entourage
0%
TV Show 2004 Faking It
0%
Film 2012 Flight
0%
TV Show 2013 Franklin & Bash
0%
TV Show 2019 Gemma Collins: Diva Forever
0%
TV Special 2018 Good Evening Britain
0%
TV Show 2007, 2009 Hell's Kitchen
0%
TV Show 2018 Hollyoaks
0%
TV Documentary 2007 How TV Changed Football Forever
0%
TV Documentary 2009 I Dreamed a Dream: The Susan Boyle Story
0%
TV Show 2019 I'm a Celebrity... Extra Camp
0%
Documentary Series 2016-2017 Killer Women with Piers Morgan
0%
TV Show 2004 Morgan and Platell
0%
TV Show 1993 Noel's House Party
0%
Short Film 2025 Oasis: The Reunion: The Movie
0%
TV Show 2011 Peter Andre: My Life
0%
TV Show 2009 Peter Andre: The Next Chapter
0%
TV Special 2019 Piers and the President
0%
TV Show 2008-2010 Piers Morgan On...
0%
TV Special 2018 Piers, the President and Air Force One
0%
TV Special 2016 Piers: The Trump Interview
0%
TV Show 2015-2016 Planet's Got Talent
0%
TV Show 2015 Play to the Whistle
0%
TV Show 2016 Pointless Celebrities
0%
TV Special 2018 President Trump: The Piers Morgan Interview
0%
TV Documentary 2019 Psychopath with Piers Morgan
0%
TV Documentary 2006 Scoop! The Greatest Tabloid Headlines
0%
Documentary Series 2003 Tabloid Tales
0%
Film 2012 The Campaign
0%
Documentary Series 2008 The Dark Side of Fame with Piers Morgan
0%
TV Show 2008 The Great British Menu
0%
TV Documentary 2003 The Importance of Being Famous
0%
Documentary Series 2023 The Killer Interview
0%
Documentary Series 2020 The Rise of the Murdoch Dynasty
0%
Documentary Series 2012 The Talent Show Story
0%
TV Show 2005 The Weakest Link
0%
TV Show 2003-2005 The Wright Stuff
0%
Documentary 2011 Unlawful Killing
0%
TV Documentary 2011 When Piers Met Andrew Lloyd Webber
0%
TV Documentary 2010 When Piers Met Lord Sugar
0%
TV Short 2017 Who Shot Simon Cowell?
0%
TV Show 2006, 2007, 2020 Who Wants to Be a Millionaire
0%
TV Documentary 2018 World Cup: Summer of Love
0%
TV Show 2012 WWE Saturday Morning Slam
0%
Documentary Series 2006-2007 You Can't Fire Me, I'm Famous
0%
No matching quizzes found
Score Distribution
Percent of People with Each Score
Percentile by Number Answered
Your Score History
You have not taken this quiz